Estadísticas para Países por la Temperatura Registrada más Baja

Haz click aquí para intentar la prueba.

Estadísticas generales

  • Esta prueba ha sido intentada 2.781 veces
  • La puntuación promedio es 17 de 23

Estadísticas de respuestas

°C°FPaís% Correcto
-67.7-89.9Rusia
99%
-62.8-81.0Canadá
98%
-51.4-60.5Noruega
97%
-62.1-79.8Estados Unidos
96%
-51.5-60.7Finlandia
96%
-52.6-62.7Suecia
96%
-69.6-93.3Dinamarca (Groenlandia)
93%
-52.3-62.1China
90%
-56.0-68.8Mongolia
85%
-43.5-46.3Estonia
82%
-43.2-45.8Letonia
81%
-42.9-45.2Lituania
81%
-51.6-60.9Kazajistán
77%
-42.2-44.0Bielorrusia
73%
-42.5-44.5Suiza
65%
-45.1-49.2Corea del Norte
63%
-53.6-64.5Kirguistán
58%
-51.6-60.9Tayikistán
58%
-52.2-62.0Afganistán
43%
-46.7-52.0Armenia
42%
-45.6-50.1Turquía
37%
-42.2-44.0República Checa
35%
-43.5-46.3Bosnia y Herzegovina
12%

Distribución de puntuación

Porcentaje por número respondido

Porcentaje de gente con cada puntuación

Historial de tus puntuaciones

No has intentado esta prueba.